000 00471nam a2200133Ia 4500
008 260210s9999 xx 000 0 und d
024 _a03-54-EE, 03-29-EE, 03-217-EE & 03-11-EE
082 _a629.89072 RIZ
100 _aRizwan Yasin, Mir Noman Ali, Mohummad Riazuddin & Khashif Shajer
245 0 _aMicro Controller Based Stepper Motor Control
260 _aKarachi:
_bUITU,
_c1995
600 _aElectronic Engineering
650 _aBachelor of Engineering (BE)
999 _c32872
_d32872